Statistics for Top 15 Countries with Covid-19 Deaths - 14 November

Click here to take the quiz!

General Stats

  • This quiz has been taken 29 times
  • The average score is 14 of 20

Answer Stats

country% Correct
France
96%
Italy
96%
United Kingdom
96%
United States
96%
Brazil
88%
India
88%
Russia
88%
Spain
79%
Mexico
71%
Argentina
67%
Colombia
63%
Peru
63%
Chile
58%
Iran
58%
Ecuador
50%
Belgium
46%
Panama
46%
South Africa
46%
Bolivia
42%
Indonesia
33%

Score Distribution

Percentile by Number Answered

Percent of People with Each Score

Your Score History

You have not taken this quiz